<?xml version="1.0" encoding="UTF-8"?><?xml-stylesheet type="text/xsl" href="static/style.xsl"?><OAI-PMH xmlns="http://www.openarchives.org/OAI/2.0/" xmlns:xsi="http://www.w3.org/2001/XMLSchema-instance" xsi:schemaLocation="http://www.openarchives.org/OAI/2.0/ http://www.openarchives.org/OAI/2.0/OAI-PMH.xsd"><responseDate>2026-04-17T07:53:52Z</responseDate><request verb="GetRecord" identifier="oai:www.recercat.cat:2117/442308" metadataPrefix="marc">https://recercat.cat/oai/request</request><GetRecord><record><header><identifier>oai:recercat.cat:2117/442308</identifier><datestamp>2026-01-19T06:01:28Z</datestamp><setSpec>com_2072_1033</setSpec><setSpec>col_2072_452951</setSpec></header><metadata><record xmlns="http://www.loc.gov/MARC21/slim" xmlns:dcterms="http://purl.org/dc/terms/" xmlns:xsi="http://www.w3.org/2001/XMLSchema-instance" xmlns:doc="http://www.lyncode.com/xoai" xsi:schemaLocation="http://www.loc.gov/MARC21/slim http://www.loc.gov/standards/marcxml/schema/MARC21slim.xsd">
   <leader>00925njm 22002777a 4500</leader>
   <datafield ind2=" " ind1=" " tag="042">
      <subfield code="a">dc</subfield>
   </datafield>
   <datafield ind2=" " ind1=" " tag="720">
      <subfield code="a">Olmos Roig, Ricard</subfield>
      <subfield code="e">author</subfield>
   </datafield>
   <datafield ind2=" " ind1=" " tag="260">
      <subfield code="c">2025-07-21</subfield>
   </datafield>
   <datafield ind2=" " ind1=" " tag="520">
      <subfield code="a">Aquest treball estudia l’evolució temporal i espacial del vent a la costa catalana utilitzant dades modelades calibrades amb observacions. S’han processat sèries temporals des del 1959 fins al 2022, aplicant mètodes d’agrupament jeràrquic i tècniques estadístiques per a l’anàlisi de tendències, amb l’objectiu de classificar zones amb comportaments similars. A més, s’ha estudiat l’existència de patrons predominants i possibles cicles en diferents àrees del litoral. L’objectiu és caracteritzar el comportament del vent al llarg del temps i aportar una base sòlida per a futurs estudis relacionats amb la dinàmica costanera i la variabilitat climàtica regional.</subfield>
   </datafield>
   <datafield ind2=" " ind1=" " tag="520">
      <subfield code="a">Este trabajo analiza la variabilidad espacial y temporal del viento en la costa catalana a partir de datos de modelado numérico provenientes del ECMWF y de Puertos del Estado (SIMAR). Se utilizan técnicas estadísticas y de agrupamiento jerárquico para zonificar el litoral en sectores con patrones de viento homogéneos, seleccionando nodos representativos mediante métricas de similitud (RMSE). Posteriormente, se caracteriza la dirección e intensidad del viento, se calculan medias mensuales y se aplican métodos de tendencia (prueba de Mann-Kendall, pendiente de Sen y filtro de Hodrick-Prescott) y análisis espectral para detectar ciclos significativos. Los resultados muestran una marcada estacionalidad, con velocidades más altas en invierno y una rotación de la dirección hacia sectores sur y sureste en los meses cálidos, especialmente en las zonas centro y sur. Las tendencias detectadas son en su mayoría no significativas en el conjunto de la serie, aunque se observan indicios de aumento de la velocidad en periodos cálidos en datos de PdE. Este estudio contribuye a mejorar la comprensión del régimen de viento en la costa catalana, ofreciendo información útil para la planificación costera y la evaluación de impactos del cambio climático.</subfield>
   </datafield>
   <datafield ind2=" " ind1=" " tag="520">
      <subfield code="a">This study analyzes the spatial and temporal variability of wind patterns along the Catalan coast using numerical modeling data from ECMWF and Puertos del Estado (SIMAR). Statistical and hierarchical clustering techniques are applied to divide the coastline into sectors with homogeneous wind behavior, selecting representative nodes based on similarity metrics (RMSE). Wind direction and speed are characterized, monthly means are calculated, and trend analyses (Mann-Kendall test, Sen’s slope, and Hodrick-Prescott filter) and spectral analyses are performed to identify significant cycles. Results reveal clear seasonality, with higher wind speeds during winter and a directional shift towards the south and southeast in warmer months, especially in central and southern areas. Overall trends are mostly non-significant for the complete time series, though some evidence suggests increased wind speed during warm periods in PdE data. This work enhances the understanding of wind regimes along the Catalan coast, providing valuable insights for coastal planning and climate change impact assessment.</subfield>
   </datafield>
   <datafield ind2=" " ind1=" " tag="520">
      <subfield code="a">Objectius de Desenvolupament Sostenible::7 - Energia Assequible i No Contaminant</subfield>
   </datafield>
   <datafield ind2=" " ind1=" " tag="520">
      <subfield code="a">Objectius de Desenvolupament Sostenible::13 - Acció per al Clima</subfield>
   </datafield>
   <datafield ind2=" " ind1=" " tag="520">
      <subfield code="a">Objectius de Desenvolupament Sostenible::14 - Vida Submarina</subfield>
   </datafield>
   <datafield tag="653" ind2=" " ind1=" ">
      <subfield code="a">Àrees temàtiques de la UPC::Enginyeria civil::Enginyeria hidràulica, marítima i sanitària::Ports i costes</subfield>
   </datafield>
   <datafield tag="653" ind2=" " ind1=" ">
      <subfield code="a">Winds</subfield>
   </datafield>
   <datafield tag="653" ind2=" " ind1=" ">
      <subfield code="a">Coasts--Spain</subfield>
   </datafield>
   <datafield tag="653" ind2=" " ind1=" ">
      <subfield code="a">Vent costaner</subfield>
   </datafield>
   <datafield tag="653" ind2=" " ind1=" ">
      <subfield code="a">Costa catalana</subfield>
   </datafield>
   <datafield tag="653" ind2=" " ind1=" ">
      <subfield code="a">Sèries temporals</subfield>
   </datafield>
   <datafield tag="653" ind2=" " ind1=" ">
      <subfield code="a">Anàlisi de tendències</subfield>
   </datafield>
   <datafield tag="653" ind2=" " ind1=" ">
      <subfield code="a">Agrupament jeràrquic</subfield>
   </datafield>
   <datafield tag="653" ind2=" " ind1=" ">
      <subfield code="a">Classificació espacial</subfield>
   </datafield>
   <datafield tag="653" ind2=" " ind1=" ">
      <subfield code="a">Variabilitat climàtica</subfield>
   </datafield>
   <datafield tag="653" ind2=" " ind1=" ">
      <subfield code="a">Patrons atmosfèrics</subfield>
   </datafield>
   <datafield tag="653" ind2=" " ind1=" ">
      <subfield code="a">Anàlisi espectral</subfield>
   </datafield>
   <datafield tag="653" ind2=" " ind1=" ">
      <subfield code="a">Dades modelades</subfield>
   </datafield>
   <datafield tag="653" ind2=" " ind1=" ">
      <subfield code="a">Vents</subfield>
   </datafield>
   <datafield tag="653" ind2=" " ind1=" ">
      <subfield code="a">Costes--Catalunya</subfield>
   </datafield>
   <datafield ind2="0" ind1="0" tag="245">
      <subfield code="a">Análisis y caracterización del viento a lo largo de la costa catalana combinando datos modelados y observaciones</subfield>
   </datafield>
</record></metadata></record></GetRecord></OAI-PMH>